Pengantar Ulum Al-Qur'an
| Main Author: | |
|---|---|
| Format: | Book |
| Published: |
Kuala Lumpur :
Ilham Abati Enterprise ,
1997
|
| Subjects: |
MARC
| LEADER | 00000cam a2200000 7i4500 | ||
|---|---|---|---|
| 001 | 0000080122 | ||
| 005 | 20110117.0 | ||
| 008 | 110117 bm | ||
| 020 | |a 9739753646 | ||
| 090 | 0 | 0 | |a 297.07 ROS |
| 100 | 1 | |a Rosmawati Ali @ Mat Zin | |
| 245 | 1 | 0 | |a Pengantar Ulum Al-Qur'an |c Rosmawati Ali @ Mat Zin |
| 260 | |a Kuala Lumpur : |b Ilham Abati Enterprise , |c 1997 | ||
| 300 | |a 269p ; |c 20cm. | ||
| 650 | 0 | 0 | |a Islamic |
| 999 | |a 97572 |b Buku |c Rak Terbuka |e Perpustakaan Cawangan Jasin | ||